00711ngm a22002057a 450000500170000000800410001704100080005808200120006611000090007824500420008726000270012930000150015650002320017165000150040365000360041865000140045465000170046865000100048565000100049520170223115253.0150508b xxu||||| |||| 00| 0 spa d aspa a357 DVD aUNED aLa amistad: Costa Rica tesoro natural aCosta RicabUNEDc2014 a24 minutos aDescripción de Talamanca y el Parque Internacional La Amistad el más extenso de los parques nacionales de Costa Rica; su gran variedad geográfica, montañas y microclimas, temperaturas, fauna de bosque tropical húmedo. aCOSTA RICA aPARQUE INTERNACIONAL LA AMISTAD aTALAMANCA aABORÍGENES aFLORA aFAUNA